Soil mechanics for road engineers. (Record no. 546395)
[ view plain ]
| 000 -LEADER | |
|---|---|
| fixed length control field | 00538cam a2200169u 4500 |
| 082 ## - DEWEY DECIMAL CLASSIFICATION NUMBER | |
| Classification number | 624.15136 |
| Author Mark | SOI |
| -- | L-39, P-31 |
| 100 ## - MAIN ENTRY--PERSONAL NAME | |
| Personal name | H. M. S. O London |
| 9 (RLIN) | 42523 |
| 110 2# - MAIN ENTRY--CORPORATE NAME | |
| Corporate name or jurisdiction name as entry element | Road Research Laboratory |
| 9 (RLIN) | 19715 |
| 245 10 - TITLE STATEMENT | |
| Title | Soil mechanics for road engineers. |
| Statement of responsibility, etc. | H. M. S. O London |
| 260 ## - PUBLICATION, DISTRIBUTION, ETC. | |
| Place of publication, distribution, etc. | London, |
| Name of publisher, distributor, etc. | H. M. Stationery Off., |
| Date of publication, distribution, etc. | 1952. |
| 300 ## - PHYSICAL DESCRIPTION | |
| Extent | xxiv, 541 p. |
| Other physical details | illus. |
| Dimensions | 25 cm. |
| 526 ## - STUDY PROGRAM INFORMATION NOTE | |
| Program name | 0 |
| Interest level | 0 |
| Reading level | 0 |
| Title point value | 624_151360000000000_SOI |
| 526 ## - STUDY PROGRAM INFORMATION NOTE | |
| Program name | 0 |
| Interest level | 0 |
| Reading level | 0 |
| Title point value | 624_151360000000000_SOI |
| 650 #0 - SUBJECT ADDED ENTRY--TOPICAL TERM | |
| Topical term or geographic name entry element | MCE |
| 9 (RLIN) | 379 |
| 650 #0 - SUBJECT ADDED ENTRY--TOPICAL TERM | |
| Topical term or geographic name entry element | Soil mechanics. |
| 942 ## - ADDED ENTRY ELEMENTS (KOHA) | |
| Source of classification or shelving scheme | |
| Koha item type | Book |
| Withdrawn status | Lost status | Source of classification or shelving scheme | Damaged status | Not for loan | Permanent Location | Current Location | Date acquired | Total Checkouts | Full call number | Barcode | Date last seen | Price effective from | Koha item type | Date last checked out |
|---|---|---|---|---|---|---|---|---|---|---|---|---|---|---|
| Military College of Engineering (MCE) | Military College of Engineering (MCE) | 06/11/2014 | 624.15136 SOI | MCE-2829 | 06/11/2014 | 06/11/2014 | Book | |||||||
| Military College of Engineering (MCE) | Military College of Engineering (MCE) | 10/27/2014 | 1 | 624.15136 SOI | MCE-1725 | 02/24/2017 | 10/27/2014 | Book | 02/08/2017 |
